Loading...
| Current Events | 1 | 20.00 | 100% | 100% | 0% |
| Fine Arts - Classical Music | 6 | 18.33 | 67% | 67% | 50% |
| Fine Arts - Other Fine Arts | 2 | 15.00 | 100% | 50% | 0% |
| Geography | 4 | 20.00 | 100% | 75% | 25% |
| History - American History | 6 | 16.67 | 100% | 67% | 0% |
| History - European History | 9 | 20.00 | 100% | 67% | 33% |
| History - Other History | 4 | 30.00 | 100% | 100% | 100% |
| History - World History | 4 | 17.50 | 100% | 75% | 0% |
| Literature - American Literature | 7 | 17.14 | 86% | 71% | 14% |
| Literature - British Literature | 4 | 15.00 | 75% | 50% | 25% |
| Literature - European Literature | 6 | 23.33 | 100% | 100% | 33% |
| Literature - World Literature | 7 | 17.14 | 100% | 57% | 14% |
| Mythology | 4 | 27.50 | 100% | 100% | 75% |
| Painting/Sculpture | 5 | 22.00 | 100% | 80% | 40% |
| Philosophy | 3 | 30.00 | 100% | 100% | 100% |
| Religion | 7 | 21.43 | 100% | 86% | 29% |
| Science - Biology | 3 | 13.33 | 100% | 0% | 33% |
| Science - Chemistry | 6 | 18.33 | 100% | 67% | 17% |
| Science - Other Science | 4 | 22.50 | 100% | 100% | 25% |
| Science - Physics | 6 | 20.00 | 100% | 83% | 17% |
| Social Science | 2 | 15.00 | 100% | 0% | 50% |